| 000 | 00865cam a2200253 a 4500 | ||
|---|---|---|---|
| 001 | 35789 | ||
| 005 | 20230410101956.0 | ||
| 008 | 020806s2001 dr ab b 000 0 spa | ||
| 035 | _a12884891 | ||
| 925 | 0 |
_aacquire _b1 shelf copy _xpolicy default |
|
| 942 |
_2lcc _cbk |
||
| 010 | _a2002433406 | ||
| 020 | _a9993402435 | ||
| 040 |
_aDLC _cDLC |
||
| 050 | 1 | 4 |
_a118 F 1939 _bD542v 2001 |
| 100 | 1 |
_aDíaz Melo, Ismael, _d1962- |
|
| 245 | 1 | 0 |
_aVilla Sombrero, el campo de coronel : notas y apuntes acerca de una comunidad banileja / _cIsmael Díaz Melo. |
| 250 | _a1. ed. | ||
| 260 |
_a[Santo Domingo, Dominican Republic] : _bEditora Búho, _c2001. |
||
| 300 |
_a399 p. : _bill., maps ; _c23 cm. |
||
| 504 | _aIncludes bibliographical references (p. 397-399). | ||
| 651 | 0 | _aSombrero (Peravia, Dominican Republic) | |
| 651 | 0 |
_aBaní (Dominican Republic) _xHistory. |
|
| 999 |
_c16758 _d16758 |
||